Normal view
MARC view
Entry Personal Name
001 - CONTROL NUMBER
- control field: 1236591
003 - CONTROL NUMBER IDENTIFIER
- control field: OSt
005 - DATE AND TIME OF LATEST TRANSACTION
- control field: 20260430150138.0
008 - FIXED-LENGTH DATA ELEMENTS
- fixed length control field: 260430|| aca||aabn | a|a d
040 ## - CATALOGING SOURCE
- Original cataloging agency: OSt
- Transcribing agency: OSt
100 ## - HEADING--PERSONAL NAME
- Personal name: Kharu Nisa Au.; Chauhan S.M.S. Gu
670 ## - SOURCE DATA FOUND
- Source citation: Work cat.: (OSt)1849061: Kharu Nisa Au.; Chauhan S.M.S. Gu., Synthesis of Selected Porphyrin conjugates and their apllication in material and supramolecular chemistry, 2021
